Touch Me Touch-me-not: Women Plants and Healing (Record no. 222634)
[ view plain ]
| 000 -LEADER | |
|---|---|
| fixed length control field | 01503nam a22003257a 4500 |
| 005 - DATE AND TIME OF LATEST TRANSACTION | |
| control field | 20220426142852.0 |
| 008 - FIXED-LENGTH DATA ELEMENTS--GENERAL INFORMATION | |
| fixed length control field | 220426b ||||| |||| 00| 0 eng d |
| 020 ## - INTERNATIONAL STANDARD BOOK NUMBER | |
| International Standard Book Number | 8185107858 |
| 040 ## - CATALOGING SOURCE | |
| Transcribing agency | AL |
| 041 ## - LANGUAGE CODE | |
| Language code of text/sound track or separate title | English |
| 082 ## - DEWEY DECIMAL CLASSIFICATION NUMBER | |
| Edition number | 23 |
| Classification number | 618.106 |
| Item number | SHOT |
| 100 ## - MAIN ENTRY--PERSONAL NAME | |
| Personal name | Shodhini and others |
| 100 ## - MAIN ENTRY--PERSONAL NAME | |
| 9 (RLIN) | 31984 |
| 245 ## - TITLE STATEMENT | |
| Title | Touch Me Touch-me-not: Women Plants and Healing |
| 260 ## - PUBLICATION, DISTRIBUTION, ETC. | |
| Place of publication, distribution, etc. | New Delhi |
| Name of publisher, distributor, etc. | Kali for Women |
| Date of publication, distribution, etc. | 1997 |
| 300 ## - PHYSICAL DESCRIPTION | |
| Extent | xiii,222 p. |
| Other physical details | PB |
| Dimensions | 21.5x14 cm. |
| 365 ## - TRADE PRICE | |
| Price amount | ₹150.00 |
| Currency code | ₹ |
| Unit of pricing | ₹150.00 |
| 520 ## - SUMMARY, ETC. | |
| Summary, etc. | This compilation of over 300 plants, and review of their medicinal value, has been put together by Shodhini, a network of women's health activists that seeks to address the health needs of the most disadvantaged women. Gynaecological complaints are common, but may remain neglected for most of a woman's life. The remedies in this book are the result of five years' experience in treating women across India, for everything from vaginal discharge and menstrual disorders to pregnancy and uterine complaints, and urinary tract infections. |
| 700 ## - ADDED ENTRY--PERSONAL NAME | |
| Personal name | SHODHINI |
| 9 (RLIN) | 31944 |
| 700 ## - ADDED ENTRY--PERSONAL NAME | |
| Personal name | GUPTA (Anu) |
| 9 (RLIN) | 31985 |
| 700 ## - ADDED ENTRY--PERSONAL NAME | |
| Personal name | CHOUDHURY (Bharati Roy) |
| 9 (RLIN) | 31986 |
| 700 ## - ADDED ENTRY--PERSONAL NAME | |
| Personal name | BALACHANDRAN (Indira) |
| 9 (RLIN) | 31987 |
| 700 ## - ADDED ENTRY--PERSONAL NAME | |
| Personal name | VINCENT (Philomena) |
| 9 (RLIN) | 31988 |
| 700 ## - ADDED ENTRY--PERSONAL NAME | |
| Personal name | KHANNA (Renu) |
| 9 (RLIN) | 31989 |
| 700 ## - ADDED ENTRY--PERSONAL NAME | |
| Personal name | NISSIM (Rina) |
| 9 (RLIN) | 31990 |
| 700 ## - ADDED ENTRY--PERSONAL NAME | |
| Personal name | SAROJINI (N B) |
| 9 (RLIN) | 31991 |
| 700 ## - ADDED ENTRY--PERSONAL NAME | |
| Personal name | BAJPAI (Smita) |
| 9 (RLIN) | 31992 |
| 700 ## - ADDED ENTRY--PERSONAL NAME | |
| Personal name | GANGOPADHAYA (Tanushree) |
| 9 (RLIN) | 31993 |
| 700 ## - ADDED ENTRY--PERSONAL NAME | |
| Personal name | MAHESHWARI(Uma) |
| 9 (RLIN) | 31994 |
| 942 ## - ADDED ENTRY ELEMENTS (KOHA) | |
| Source of classification or shelving scheme | Dewey Decimal Classification |
| Koha item type | George Fernandes Collections |
| Withdrawn status | Lost status | Source of classification or shelving scheme | Damaged status | Not for loan | Collection code | Home library | Current library | Date acquired | Total Checkouts | Full call number | Barcode | Date last seen | Price effective from | Koha item type |
|---|---|---|---|---|---|---|---|---|---|---|---|---|---|---|
| Dewey Decimal Classification | Botany | St Aloysius Library | St Aloysius Library | 03/24/2013 | 618.106 SHOT | GF01219 | 04/26/2022 | 04/26/2022 | George Fernandes Collections |